000 01946nam a22003377a 4500
003 CHAP
005 20240521084533.0
007 ta
008 221109b2021 |||ado|fs||||a001 0 spa d
040 _amxchpua
090 _aT.C.864
_bE86 SAI
_c2021
245 1 0 _aSistema agroindustrial mezcal en el estado de Oaxaca /
_ccoordinador Anastacio Espejel García ; colaboradores Yareli Rufina Agudo Agudo...[y otros]
260 _aMéxico, Chapingo :
_bEl autor,
_c2021
300 _a1 recurso en línea (136 páginas) :
_bgráficas, fotos
336 _2rdacontent
_atexto
_btxt
337 _2rdamedia
_acomputadora
_bc
338 _2rdacarrier
_arecurso en línea
_bcr
500 _aGrado: 6° año Grupo: 04
502 _aViaje de Estudios
_b(SAI) --
_cUACh. Departamento de Ingeniería Agroindustrial,
_d2021
504 _aBibliografía: páginas 108-111
505 0 _aVisitas : --
_t1. Mezcal El Rey Zapoteco -- 2. Dr. José Trinidad Gaytán Guzmán (Mezcal del Tío Ro) -- 3. Daniel López (Mezcal Oro) -- 4. Ing. Édison -- 5. M.C Eduardo Sánchez Jiménez CEMMEZ -- 6. Ing. Yareth -- 7. Ing. Ramiro Baños (Mezcal amores) -- 8. M.C Ismael Santiago -- 9. M.C Magdiel -- 10. Maestros del Maguey y Mezcal Mal de Amor -- 11. Everardo Zurita (Destilería Zurto SA de CV) -- 12. Comité Clúster del Mezcal Oaxaca -- 13. Eléctrico Mezcal -- 14. Los Hernández -- 15. Gregorio Martínez Manuel
650 1 3 _9148013
_aAlcoholes etílicos
_zMéxico
_zOaxaca
650 1 3 _932202
_aDestilación
650 1 3 _9150300
_aIndustria de la destilería
_zMéxico
_zOaxaca
650 1 3 _9148015
_aDistilled spirits
_zMexico
_zOaxaca
650 1 3 _9185586
_aDistillation
650 1 3 _9150297
_aDistilling industry
_zMexico
_zOaxaca
700 1 _9147446
_aEspejel García, Anastacio
_ecoordinador
700 1 _9185291
_aAgudo Agudo, Yareli Rufina
_ecolaboradora
856 4 0 _uhttp://10.13.5.2/ve/T_C_864_SAI/T_C_864_SAI_2021-REPORTE_pdf
_yDESCARGAR REPORTE
999 _c217749
_d217749